000
00295nam a2200109Ia 4500
008
190919s9999||||xx |||||||||||||| ||und||
100
_a
Mckeown, patrick G.
245
0
_a
Information technology and the Networked Economy
260
_a
India
_b
World Scientific
_c
2000
300
_a
975
942
_c
BK
999
_c
10410
_d
10410